Vaatteet suomeksi - Statistics

Yleistilastot
  • Tätä visaa on pelattu 103 kertaa
  • Keskiarvotulos 33 / 48
Vastaustilastot
Kuvavisa Vastaus % Oikein
farkut
94%
vyö
94%
hame
89%
housut
89%
shortsit
89%
sukat
89%
vetoketju
89%
mekko
88%
t-paita
84%
huppari
83%
kengät
81%
pipo
80%
sukkahousut
79%
nappi
76%
korkokengät
75%
lapaset
75%
reppu
75%
sateenvarjo
75%
lippis
74%
rusetti
74%
saappaat
74%
alusvaatteet
73%
hattu
73%
huivi
73%
lenkkarit
73%
kumisaappaat
70%
nahka
70%
polvisukat
70%
sandaalit
69%
pikkuhousut
66%
tasku
66%
kaulahuivi
65%
lanka
65%
liivi
65%
käsilaukku
64%
paita
64%
rintaliivit
64%
solmio
63%
alushousut
60%
takki
59%
kangas
58%
haalarit
49%
kengännauhat
44%
nilkkurit
41%
aluspaita
39%
pusero
39%
kynsikkäät
18%
villaneule
15%
Ehtoja vastaavia visoja ei löytynyt
Tulosjakauma
Jokaisen tuloksen saaneiden osuus
Persentiili vastausten määrän mukaan
Tuloshistoriasi
Et ole pelannut tätä visaa